01081 2200289 4500001002100000005001500021035002000036007000300056008004100059020002200100082001000122084001900132100002400151245010300175250003200278300003800310650001000348700002800358700003200386520023800418264002900656336002100685337003000706338002300736990001600759990001600775INLIS00000000116519320241205115652 a0010-1224000073ta241205 b 1 ind  a978-602-6714-97-8 a741.5 aSR 741.5 FAZ j0 aFaza Meonkepenulis1 aSi Juki the movie :bharta pulau monyet /cFaza Meonk, Yahya Muhaimin; penyunting, Ariel Seraphino aCetakan kedua, Oktober 2024 a136 halaman :bIlustrasi ;c20 cm 4aKomik0 aYahya Muhaiminepenulis0 aAriel Seraphinoepenyunting aDi tengah kondisi keuangan keluarga yang sulit, Si Juki menemukan sebuah peta harta karun peninggalan nenek moyangnya. Bersama Profesor Juned, Babeh dan Emak, Si Juki memulai petualangan berburu harta karun di sebuah pulau misterius. aJakarta :bFalcon,c2024 2rdacontentaTeks 2rdamediaaTanpa perantara 2rdacarrieraVolume a55340.68160 a55340.68160